[Event "Calvia op 4th"]
[Site "Calvia"]
[Date "2007.10.18"]
[Round "4"]
[White "Lie, Terje"]
[Black "Moragues Liebana, Salvador"]
[Result "1-0"]
[WhiteElo "1742"]
[BlackElo "1604"]
[PlyCount "125"]
[EventDate "2007.10.15"]
[EventType "swiss"]
[EventRounds "9"]
[EventCountry "ESP"]
[SourceTitle "CBM 120 Extra"]
[Source "ChessBase"]
[SourceDate "2007.11.01"]
[SourceVersion "1"]
[SourceVersionDate "2007.11.01"]
[SourceQuality "1"]

1. d4 Nf6 2. c4 g6 3. Nc3 d6 4. e4 Bg7 5. f3 0-0 6. Be3 e5 7. Nge2 b6 8. Qd2 Bb7 9. Bh6 Nxe4 10. fxe4 Qh4+ 11. g3 Qxh6 12. Qxh6 Bxh6 13. d5 c6 14. Bg2 Be3 15. Rf1 Nd7 16. Rf3 Bh6 17. g4 Nc5 18. Rh3 Bg5 19. b4 Nd7 20. Bf3 a6 21. dxc6 Bxc6 22. Nd5 Bxd5 23. cxd5 Rac8 24. Kd1 Rc4 25. a3 Rfc8 26. Rg3 Nf6 27. h3 Nxe4 28. Bxe4 Rxe4 29. Rd3 Rec4 30. Ng3 Rc3 31. Ke2 Rxd3 32. Kxd3 Rc1 33. Rxc1 Bxc1 34. a4 Ba3 35. Kc3 a5 36. bxa5 bxa5 37. g5 Kg7 38. Ne4 h6 39. h4 h5 40. Kd3 Bb4 41. Ke2 Kf8 42. Kf2 Ke7 43. Ke2 Kd7 44. Nf6+ Kc7 45. Ne4 Kb6 46. Kf2 Bc3 47. Nxc3 Kc5 48. Ke3 Kc4 49. Kd2 Kd4 50. Kc2 e4 51. Kd2 Ke5 52. Ke3 f5 53. gxf6 Kxf6 54. Kxe4 g5 55. hxg5+ Kxg5 56. Nb5 h4 57. Nxd6 h3 58. Kf3 h2 59. Kg2 h1Q+ 60. Kxh1 Kf6 61. Nc4 Ke7 62. d6+ Kd7 63. Kg2 1-0

[Event "Calvia op 4th"]
[Site "Calvia"]
[Date "2007.10.16"]
[Round "2"]
[White "Ruprich, Udo"]
[Black "Moragues Liebana, Salvador"]
[Result "1-0"]
[WhiteElo "2053"]
[BlackElo "1604"]
[PlyCount "59"]
[EventDate "2007.10.15"]
[EventType "swiss"]
[EventRounds "9"]
[EventCountry "ESP"]
[SourceTitle "CBM 120 Extra"]
[Source "ChessBase"]
[SourceDate "2007.11.01"]
[SourceVersion "1"]
[SourceVersionDate "2007.11.01"]
[SourceQuality "1"]

1. e4 e6 2. d4 d5 3. Nc3 c5 4. Nf3 Nc6 5. Bb5 Bd7 6. dxc5 Bxc5 7. exd5 Nce7 8. dxe6 fxe6 9. Bxd7+ Qxd7 10. Qxd7+ Kxd7 11. Ne5+ Ke8 12. Ne4 Rc8 13. Be3 Bxe3 14. Nd6+ Kd8 15. Nxc8 Bxf2+ 16. Kxf2 Nh6 17. Nxe7 Kxe7 18. Rhd1 Rf8+ 19. Kg1 Rd8 20. Rxd8 Kxd8 21. Rd1+ Ke7 22. Rd7+ Kf6 23. Nf3 Nf5 24. Rxb7 a5 25. Ra7 Ne3 26. Rxa5 Nxc2 27. Kf2 Nb4 28. Ke3 h6 29. a3 Nd5+ 30. Rxd5 1-0

[Event "Calvia op 4th"]
[Site "Calvia"]
[Date "2007.10.15"]
[Round "1"]
[White "Moragues Liebana, Salvador"]
[Black "Pinheiro, Jose"]
[Result "0-1"]
[WhiteElo "1604"]
[BlackElo "2331"]
[PlyCount "74"]
[EventDate "2007.10.15"]
[EventType "swiss"]
[EventRounds "9"]
[EventCountry "ESP"]
[SourceTitle "CBM 120 Extra"]
[Source "ChessBase"]
[SourceDate "2007.11.01"]
[SourceVersion "1"]
[SourceVersionDate "2007.11.01"]
[SourceQuality "1"]

1. c4 c5 2. Nc3 g6 3. Nf3 Bg7 4. d4 cxd4 5. Nxd4 Nc6 6. e3 Nf6 7. Be2 0-0 8. 0-0 d6 9. Bd2 Bd7 10. a3 Qb6 11. Nxc6 bxc6 12. b4 Bf5 13. f3 Nd7 14. Kh1 Bxc3 15. Bxc3 Qxe3 16. Qd4 Qxd4 17. Bxd4 a5 18. g4 Be6 19. f4 c5 20. bxc5 Nxc5 21. Bxc5 dxc5 22. Rab1 Rab8 23. Rb5 Rxb5 24. cxb5 Rd8 25. Rd1 Rb8 26. Rc1 Rc8 27. b6 a4 28. Kg2 Rb8 29. Rb1 Bb3 30. Rc1 Rxb6 31. Rxc5 Rd6 32. Rc3 Rd2 33. Kf3 Ra2 34. f5 Rxa3 35. Kf4 Ra2 36. Bc4 Rc2 37. Bxb3 Rxc3 0-1